Научно-практические аспекты предупреждения и ликвидации разливов нефти и нефтепродуктов (Запись № 10488754)
[ простой вид ]
| 000 -МАРКЕР | |
|---|---|
| контрольное поле | 03236nam0a2200337 i 4500 |
| 001 - ИДЕНТИФИКАТОР ЗАПИСИ | |
| контрольное поле | RU\NLR\BIBL_A\010877658 |
| 005 - ИДЕНТИФИКАТОР ВЕРСИИ | |
| контрольное поле | 20260407082020.0 |
| 010 ## - МЕЖДУНАРОДНЫЙ СТАНДАРТНЫЙ НОМЕР КНИГИ (ISBN) | |
| Номер (ISBN) | 9785000850329 |
| Тираж | 120 |
| 021 ## - НОМЕР ГОСУДАРСТВЕННОЙ РЕГИСТРАЦИИ | |
| Код страны | Российская Федерация |
| Номер | 2015-75518 |
| Номер Листа государственной регистраци | 4556 |
| 035 ## - ДРУГИЕ СИСТЕМНЫЕ НОМЕРА | |
| Идентификатор записи | (NILC)RuMoRGB-008032330 |
| 035 ## - ДРУГИЕ СИСТЕМНЫЕ НОМЕРА | |
| Идентификатор записи | (NLR Aleph) 010877658 |
| 100 ## - ДАННЫЕ ОБЩЕЙ ОБРАБОТКИ | |
| Данные общей обработки | 20151029d2015 k y0rusy50 ca |
| 101 0# - ЯЗЫК РЕСУРСА | |
| Язык текста, звукозаписи и т.д. | русский |
| 102 ## - СТРАНА ПУБЛИКАЦИИ ИЛИ ПРОИЗВОДСТВА | |
| Страна публикации | Российская Федерация |
| 105 ## - ПОЛЕ КОДИРОВАННЫХ ДАННЫХ: ТЕКСТОВЫЕ МАТЕРИАЛЫ, МОНОГРАФИЧЕСКИЕ | |
| Кодированные данные о монографическом текстовом документе | ah z 000yy |
| 200 1# - ЗАГЛАВИЕ И СВЕДЕНИЯ ОБ ОТВЕТСТВЕННОСТИ | |
| Основное заглавие | Научно-практические аспекты предупреждения и ликвидации разливов нефти и нефтепродуктов |
| Сведения, относящиеся к заглавию | [сборник] |
| Первые сведения об ответственности | М-во Рос. Федерации по делам гражд. обороны, чрезвычайным ситуациям и ликвидации последствий стихийных бедствий (МЧС России), Группа компаний "Устойчивое развитие регионов", Федер. гос. бюджет. учреждение науки "Ин-т машиностроения им. А. А. Благонравова" Рос. акад. наук, Пилотный проект МЧС России "Комплексная подготовка и аттестация персонала опасных произв. объектов (ОПО) в обл. безопасности труда и спасателей" |
| Последующие сведения об ответственности | [под ред. Ю. В. Боброва и Ю. Г. Матвиенко] |
| 210 ## - ПУБЛИКАЦИЯ, РАСПРОСТРАНЕНИЕ И ДР. | |
| Место издания, распространения и т.д. | Москва |
| Имя издателя, распространителя и т. д. | ИМАШ РАН |
| Дата издания, распространения и т.д. | 2015 |
| 215 ## - ФИЗИЧЕСКАЯ ХАРАКТЕРИСТИКА | |
| Специфическое обозначение материала и объем | 321 с. |
| Другие сведения о физической характеристике | ил., цв. ил., факс. |
| Размеры | 22 |
| 606 ## - НАИМЕНОВАНИЕ ТЕМЫ КАК ПРЕДМЕТ | |
| Наименование темы | Окружающая среда |
| Формальный подзаголовок | Съезды, совещания и т.п |
| Тематический подзаголовок | Загрязнение нефтепродуктами |
| Системный номер авторитетной/нормативной записи | 1605840 |
| Идентификатор авторитетной/нормативной записи | RU\NLR\AUTH\66707195 |
| 675 ## - УНИВЕРСАЛЬНАЯ ДЕСЯТИЧНАЯ КЛАССИФИКАЦИЯ (UDC/УДК) | |
| Индекс | 622 |
| 686 1# - ИНДЕКСЫ ДРУГИХ КЛАССИФИКАЦИЙ | |
| Индекс | Л540.9я431 |
| 702 #1 - ИМЯ ЛИЦА - ВТОРИЧНАЯ ОТВЕТСТВЕННОСТЬ | |
| Начальный элемент ввода | Бобров |
| Часть имени, кроме начального элемента ввода | Ю. В. |
| Расширение инициалов личного имени | Юрий Васильевич |
| Код отношения | Редактор |
| 711 12 - НАИМЕНОВАНИЕ ОРГАНИЗАЦИИ - АЛЬТЕРНАТИВНАЯ ОТВЕТСТВЕННОСТЬ | |
| Начальный элемент ввода | Всероссийский форум на тему "Единая государственная система предупреждения и ликвидации чрезвычайных ситуаций и МЧС России. Новые подходы МЧС России к координации и контролю деятельности персонала опасных производственных объектов (ОПО) по предупреждению и ликвидации разливов нефти и нефтепродуктов в свете решений Совета безопасности РФ от 03.07.2015., Указа Президента РФ N°135 от 10 марта 2014 года и Постановления Правительства РФ N°1189 от 14 ноября 2014 года" |
| Место проведения временной организации | Москва |
| Дата проведения временной организации | 2015 |
| Системный номер авторитетной/нормативной записи | 490273 |
| Идентификатор авторитетной/нормативной записи | RU\NLR\AUTH\880412431 |
| 712 01 - НАИМЕНОВАНИЕ ОРГАНИЗАЦИИ - ВТОРИЧНАЯ ОТВЕТСТВЕННОСТЬ | |
| Код отношения | Прочие |
| Начальный элемент ввода | Российская Федерация |
| Структурное подразделение | Министерство по делам гражданской обороны, чрезвычайным ситуациям и ликвидации последствий стихийных бедствий |
| Идентификатор авторитетной/нормативной записи | RU\NLR\AUTH\887449 |
| Системный номер авторитетной/нормативной записи | 287026 |
| 801 #0 - ИСТОЧНИК ЗАПИСИ | |
| Страна | Российская Федерация |
| Организация | РГБ |
| Дата составления | 20151001 |
| Правила каталогизации | RCR |
| 801 #1 - ИСТОЧНИК ЗАПИСИ | |
| Страна | Российская Федерация |
| Организация | РГБ |
| Дата составления | 20151001 |
| Источник данных | rusmarc |
| 942 ## - ДОПОЛНИТЕЛЬНЫЕ ЭЛЕМЕНТЫ ЗАПИСИ (АБИС) | |
| Тип экземпляра АБИС | Книга |
| 980 ## - КОЛЛЕКЦИЯ | |
| Название коллекции | НБР |
Нет доступных экземпляров.